Painters by Self-Portrait - Statistics

General Stats
  • This quiz has been taken 79 times
  • The average score is 7 of 10
Answer Stats
Picture Answer % Correct
Leonardo da Vinci
98%
Rembrandt
95%
Vincent Van Gogh
94%
Salvador Dali
92%
Andy Warhol
81%
Claude Monet
73%
Michelangelo
73%
Frida Kahlo
52%
Edgar Degas
26%
Pablo Picasso
15%
No matching quizzes found
Score Distribution
Percent of People with Each Score
Percentile by Number Answered
Your Score History
You have not taken this quiz